000 00825cam a22002772 4500
001 0000005398
005 20170406120621.0
008 141217s xx 000 0 eng d
020 _c$
040 _aYour Holding Symbol
_cYour Holding Symbol
100 1 _aLibrary of congress.
245 1 0 _aSUBJECT HEADINGS.
250 _a12th ed.
260 _aWashington :
_bCataloging distribution,
_c1989.
300 _a4463 p. ;
_c cm.
650 0 _asubject headings.
908 _a141217
999 _c5196
_d5196